[Event "CECLUB Segunda División"]
[Site "Linares"]
[Date "2017.08.11"]
[Round "5"]
[White "Lobo Rodriguez, Jesus Angel"]
[Black "Nieves Cabanes, Jose Manuel"]
[Result "0-1"]
[Board "2"]
[WhiteElo "2102"]
[WhiteCountry "ESP"]
[WhiteFideId "2218747"]
[WhiteEloChange "-5"]
[BlackTitle "FM"]
[BlackElo "2309"]
[BlackCountry "ESP"]
[BlackFideId "22245715"]
[BlackEloChange "5"]

1. d4 {[%clk 1:30:56]} d5 {[%clk 1:30:45]} 2. c4 {[%clk 1:30:51]} e6 {[%clk
1:30:51]} 3. g3 {[%clk 1:30:27]} dxc4 {[%clk 1:22:28]} 4. Nf3 {[%clk 1:29:21]} a6
{[%clk 1:20:10]} 5. Bg2 {[%clk 1:24:39]} b5 {[%clk 1:18:56]} 6. Ne5 {[%clk
1:23:13]} c6 {[%clk 1:17:30]} 7. O-O {[%clk 1:21:03]} Bb7 {[%clk 1:17:02]} 8. a4
{[%clk 1:18:21]} Nf6 {[%clk 1:13:41]} 9. axb5 {[%clk 1:12:22]} axb5 {[%clk
1:13:51]} 10. Rxa8 {[%clk 1:12:48]} Bxa8 {[%clk 1:14:17]} 11. Bg5 {[%clk
1:03:38]} Be7 {[%clk 1:10:47]} 12. Nc3 {[%clk 1:01:29]} Nd5 {[%clk 0:59:36]} 13.
Bxe7 {[%clk 0:53:48]} Qxe7 {[%clk 0:59:47]} 14. Qa1 {[%clk 0:54:11]} Bb7 {[%clk
0:57:23]} 15. Ne4 {[%clk 0:51:39]} O-O {[%clk 0:56:23]} 16. Qa7 {[%clk 0:36:50]}
f6 {[%clk 0:51:01]} 17. Nc5 {[%clk 0:37:53]} fxe5 {[%clk 0:50:14]} 18. Bxd5
{[%clk 0:34:54]} cxd5 {[%clk 0:47:54]} 19. dxe5 {[%clk 0:33:23]} Nc6 {[%clk
0:46:54]} 20. Qb6 {[%clk 0:33:18]} Ba8 {[%clk 0:44:44]} 21. Ra1 {[%clk 0:33:25]}
b4 {[%clk 0:33:39]} 22. Rxa8 {[%clk 0:30:58]} Rxa8 {[%clk 0:33:53]} 23. Qxc6
{[%clk 0:31:24]} Qe8 {[%clk 0:32:17]} 24. Qb7 {[%clk 0:29:00]} Rb8 {[%clk
0:30:06]} 25. Qa7 {[%clk 0:28:58]} Rd8 {[%clk 0:28:07]} 26. Qa5 {[%clk 0:22:37]}
Rc8 {[%clk 0:27:16]} 27. Qxb4 {[%clk 0:20:32]} Qe7 {[%clk 0:26:51]} 0-1

[Event "CECLUB Segunda División"]
[Site "Linares"]
[Date "2017.08.11"]
[Round "5"]
[White "Silva Rodriguez, Fernando"]
[Black "De La Pena Garcia, Blanca"]
[Result "1-0"]
[Board "3"]
[WhiteElo "2235"]
[WhiteCountry "ESP"]
[WhiteFideId "2215268"]
[WhiteEloChange "2"]
[BlackElo "1805"]
[BlackCountry "ESP"]
[BlackFideId "2238632"]
[BlackEloChange "-2"]

1. d4 {[%clk 1:30:56]} Nf6 {[%clk 1:30:42]} 2. c4 {[%clk 1:31:17]} g6 {[%clk
1:31:07]} 3. Nc3 {[%clk 1:31:40]} Bg7 {[%clk 1:31:27]} 4. e4 {[%clk 1:32:03]} d6
{[%clk 1:31:45]} 5. Nf3 {[%clk 1:32:24]} O-O {[%clk 1:31:31]} 6. h3 {[%clk
1:32:47]} Nbd7 {[%clk 1:31:11]} 7. Be3 {[%clk 1:32:10]} e5 {[%clk 1:30:39]} 8. d5
{[%clk 1:32:31]} Nc5 {[%clk 1:26:09]} 9. Nd2 {[%clk 1:32:24]} a5 {[%clk 1:26:25]}
10. g4 {[%clk 1:32:48]} Ne8 {[%clk 1:24:12]} 11. Rg1 {[%clk 1:30:41]} Kh8 {[%clk
1:22:47]} 12. Qc2 {[%clk 1:30:55]} c6 {[%clk 1:21:22]} 13. O-O-O {[%clk 1:30:10]}
Bd7 {[%clk 1:18:02]} 14. Kb1 {[%clk 1:29:34]} Rb8 {[%clk 1:16:43]} 15. Nb3 {[%clk
1:22:29]} Na6 {[%clk 1:10:34]} 16. a3 {[%clk 1:06:24]} c5 {[%clk 1:03:06]} 17. f3
{[%clk 0:57:54]} Qb6 {[%clk 0:58:37]} 18. Nd2 {[%clk 0:56:05]} Nac7 {[%clk
0:57:46]} 19. h4 {[%clk 0:54:11]} Qa7 {[%clk 0:53:00]} 20. Nb5 {[%clk 0:50:49]}
Nxb5 {[%clk 0:52:42]} 21. cxb5 {[%clk 0:51:13]} a4 {[%clk 0:52:36]} 22. Ka1
{[%clk 0:49:15]} Nc7 {[%clk 0:50:58]} 23. b6 {[%clk 0:49:29]} Qxb6 {[%clk
0:50:09]} 24. Nc4 {[%clk 0:49:53]} Qa7 {[%clk 0:48:03]} 25. Nxd6 {[%clk 0:49:52]}
b6 {[%clk 0:47:54]} 26. Rc1 {[%clk 0:45:27]} Na6 {[%clk 0:40:52]} 27. Nb5 {[%clk
0:41:08]} Qb7 {[%clk 0:29:42]} 28. Qxa4 {[%clk 0:40:10]} Ra8 {[%clk 0:21:20]} 29.
Qb3 {[%clk 0:40:20]} Nc7 {[%clk 0:20:20]} 30. Nc3 {[%clk 0:33:48]} Ra5 {[%clk
0:17:57]} 31. h5 {[%clk 0:28:29]} Rfa8 {[%clk 0:15:56]} 32. Bc4 {[%clk 0:19:37]}
R8a7 {[%clk 0:12:40]} 33. hxg6 {[%clk 0:14:24]} fxg6 {[%clk 0:12:51]} 34. d6
{[%clk 0:14:12]} Na6 {[%clk 0:11:26]} 35. Rh1 {[%clk 0:14:03]} 1-0

[Event "CECLUB Segunda División"]
[Site "Linares"]
[Date "2017.08.11"]
[Round "5"]
[White "Fernandez Lopez, Marcos II"]
[Black "Nieves Cabanes, Javier"]
[Result "0-1"]
[Board "4"]
[WhiteElo "1785"]
[WhiteCountry "ESP"]
[WhiteFideId "2216620"]
[WhiteEloChange "-2"]
[BlackElo "2203"]
[BlackCountry "ESP"]
[BlackFideId "22245707"]
[BlackEloChange "2"]

1. d4 {[%clk 1:30:55]} Nf6 {[%clk 1:30:27]} 2. Nf3 {[%clk 1:31:16]} c5 {[%clk
1:30:26]} 3. e3 {[%clk 1:31:20]} g6 {[%clk 1:29:58]} 4. Bd3 {[%clk 1:30:25]} d5
{[%clk 1:28:34]} 5. c3 {[%clk 1:25:29]} b6 {[%clk 1:28:02]} 6. Ne5 {[%clk
1:20:49]} Bg7 {[%clk 1:20:18]} 7. Bb5+ {[%clk 1:14:05]} Nfd7 {[%clk 1:07:36]} 8.
Qf3 {[%clk 1:11:24]} O-O {[%clk 0:44:37]} 9. Qxd5 {[%clk 1:09:59]} Nxe5 {[%clk
0:43:08]} 10. Qxa8 {[%clk 1:09:33]} cxd4 {[%clk 0:30:36]} 11. exd4 {[%clk
1:02:29]} Qc7 {[%clk 0:25:30]} 12. dxe5 {[%clk 0:50:26]} Bb7 {[%clk 0:24:23]} 13.
Qxa7 {[%clk 0:50:47]} Qxe5+ {[%clk 0:23:46]} 14. Be2 {[%clk 0:41:12]} Bxg2 {[%clk
0:23:55]} 15. Rg1 {[%clk 0:41:34]} Bf3 {[%clk 0:21:59]} 16. Be3 {[%clk 0:40:27]}
Bxe2 {[%clk 0:22:11]} 17. Kxe2 {[%clk 0:40:32]} Qb5+ {[%clk 0:21:41]} 18. Kf3
{[%clk 0:35:04]} Qd5+ {[%clk 0:10:19]} 19. Kg3 {[%clk 0:29:46]} Nd7 {[%clk
0:05:18]} 20. Nd2 {[%clk 0:25:32]} Ra8 {[%clk 0:04:59]} 21. Qxa8+ {[%clk
0:21:41]} Qxa8 {[%clk 0:05:27]} 22. f4 {[%clk 0:19:46]} Nf6 {[%clk 0:04:37]} 23.
Rge1 {[%clk 0:13:26]} Nh5+ {[%clk 0:04:10]} 24. Kf2 {[%clk 0:13:33]} Bf6 {[%clk
0:04:13]} 25. Nf3 {[%clk 0:12:54]} b5 {[%clk 0:03:42]} 26. Rad1 {[%clk 0:09:09]}
Qxa2 {[%clk 0:02:42]} 27. Re2 {[%clk 0:09:29]} Qa4 {[%clk 0:02:06]} 28. Ne5
{[%clk 0:08:05]} Qxd1 {[%clk 0:02:00]} 0-1

[Event "CECLUB Segunda División"]
[Site "Linares"]
[Date "2017.08.11"]
[Round "5"]
[White "Pazos Porta, Antonio"]
[Black "Mascaro March, Pedro"]
[Result "1/2-1/2"]
[Board "1"]
[WhiteTitle "FM"]
[WhiteElo "2325"]
[WhiteCountry "ESP"]
[WhiteFideId "2263190"]
[WhiteEloChange "2"]
[BlackTitle "IM"]
[BlackElo "2387"]
[BlackCountry "ESP"]
[BlackFideId "2217570"]
[BlackEloChange "-2"]

1. e4 {[%clk 1:26:14]} e6 {[%clk 1:25:28]} 2. d4 {[%clk 1:24:30]} d5 {[%clk
1:25:53]} 3. Nd2 {[%clk 1:22:41]} dxe4 {[%clk 1:25:56]} 4. Nxe4 {[%clk 1:22:54]}
Bd7 {[%clk 1:26:13]} 5. Nf3 {[%clk 1:22:42]} Bc6 {[%clk 1:26:31]} 6. Bd3 {[%clk
1:22:47]} Nd7 {[%clk 1:26:36]} 7. O-O {[%clk 1:22:04]} Ngf6 {[%clk 1:26:54]} 8.
Ned2 {[%clk 1:21:53]} Be7 {[%clk 1:25:26]} 9. Nc4 {[%clk 1:19:52]} O-O {[%clk
1:18:36]} 10. Na5 {[%clk 1:13:40]} Bd5 {[%clk 1:16:54]} 11. c4 {[%clk 1:13:07]}
Bxf3 {[%clk 1:15:51]} 12. Qxf3 {[%clk 1:13:31]} c6 {[%clk 1:15:33]} 13. Nxb7
{[%clk 1:11:40]} Qb6 {[%clk 1:10:24]} 14. Nc5 {[%clk 1:11:50]} Nxc5 {[%clk
1:10:37]} 15. dxc5 {[%clk 1:12:11]} Bxc5 {[%clk 1:10:57]} 16. Rb1 {[%clk
1:10:42]} a5 {[%clk 1:10:11]} 17. b3 {[%clk 1:02:27]} Bd4 {[%clk 1:07:26]} 18. a3
{[%clk 0:58:28]} c5 {[%clk 1:06:04]} 19. Rd1 {[%clk 0:38:32]} Rfd8 {[%clk
1:01:53]} 20. Bd2 {[%clk 0:35:28]} h6 {[%clk 0:52:26]} 21. Be1 {[%clk 0:33:13]}
Nd7 {[%clk 0:46:07]} 22. Qe4 {[%clk 0:30:54]} Ne5 {[%clk 0:41:52]} 23. Bc2 {[%clk
0:14:00]} Qc7 {[%clk 0:32:04]} 24. Kh1 {[%clk 0:07:44]} f5 {[%clk 0:30:01]} 25.
Qe2 {[%clk 0:08:09]} Ra6 {[%clk 0:26:15]} 26. f3 {[%clk 0:08:08]} Nf7 {[%clk
0:22:59]} 27. Bg3 {[%clk 0:06:00]} f4 {[%clk 0:18:38]} 28. Be1 {[%clk 0:05:07]}
Qe5 {[%clk 0:15:33]} 29. Qf1 {[%clk 0:03:26]} Bc3 {[%clk 0:12:34]} 30. Rxd8+
{[%clk 0:03:28]} Nxd8 {[%clk 0:13:03]} 31. Qd3 {[%clk 0:03:19]} Bd4 {[%clk
0:06:06]} 32. Qh7+ {[%clk 0:03:39]} Kf8 {[%clk 0:06:27]} 33. Qh8+ {[%clk
0:02:07]} Ke7 {[%clk 0:06:52]} 34. Bg6 {[%clk 0:02:05]} Qf6 {[%clk 0:05:17]} 35.
Qe8+ {[%clk 0:02:15]} Kd6 {[%clk 0:05:46]} 36. Qb5 {[%clk 0:02:04]} Qxg6 {[%clk
0:04:48]} 37. Qxa6+ {[%clk 0:02:29]} Nc6 {[%clk 0:05:17]} 38. Rc1 {[%clk
0:02:32]} Qd3 {[%clk 0:05:10]} 39. Bxa5 {[%clk 0:02:30]} Qxb3 {[%clk 0:04:44]}
40. Qb6 {[%clk 0:02:32]} Qxb6 {[%clk 0:03:54]} 41. Bxb6 {[%clk 0:03:01]} Ne5
{[%clk 0:04:18]} 42. a4 {[%clk 0:02:51]} Kc6 {[%clk 0:04:31]} 43. a5 {[%clk
0:03:02]} Nd3 {[%clk 0:04:53]} 44. Rb1 {[%clk 0:01:34]} Nf2+ {[%clk 0:03:55]} 45.
Kg1 {[%clk 0:02:03]} Ne4+ {[%clk 0:04:15]} 46. Kh1 {[%clk 0:02:26]} Nf2+ {[%clk
0:04:28]} 47. Kg1 {[%clk 0:02:45]} 1/2-1/2

[Event "CECLUB Segunda División"]
[Site "Linares"]
[Date "2017.08.11"]
[Round "5"]
[White "Tattersall Rodriguez, Lester"]
[Black "Rey Malde, Henrique"]
[Result "1/2-1/2"]
[Board "2"]
[WhiteTitle "FM"]
[WhiteElo "2275"]
[WhiteCountry "ESP"]
[WhiteFideId "2208903"]
[WhiteEloChange "-3"]
[BlackElo "2184"]
[BlackCountry "ESP"]
[BlackFideId "2244969"]
[BlackEloChange "3"]

1. e4 {[%clk 1:30:54]} c5 {[%clk 1:25:46]} 2. Nf3 {[%clk 1:30:59]} d6 {[%clk
1:26:06]} 3. d4 {[%clk 1:30:39]} cxd4 {[%clk 1:26:28]} 4. Nxd4 {[%clk 1:31:01]}
Nf6 {[%clk 1:26:50]} 5. f3 {[%clk 1:29:57]} g6 {[%clk 1:24:19]} 6. c4 {[%clk
1:29:44]} Bg7 {[%clk 1:24:24]} 7. Be3 {[%clk 1:29:56]} O-O {[%clk 1:24:31]} 8.
Nc3 {[%clk 1:30:14]} Nc6 {[%clk 1:23:46]} 9. Be2 {[%clk 1:27:53]} Nd7 {[%clk
1:19:16]} 10. O-O {[%clk 1:19:16]} Nc5 {[%clk 1:16:34]} 11. Rb1 {[%clk 1:10:44]}
Nxd4 {[%clk 0:59:27]} 12. Bxd4 {[%clk 1:11:11]} Bxd4+ {[%clk 0:59:46]} 13. Qxd4
{[%clk 1:11:39]} Bd7 {[%clk 0:57:28]} 14. f4 {[%clk 1:00:12]} Na4 {[%clk
0:48:16]} 15. Nd5 {[%clk 0:58:09]} Bc6 {[%clk 0:45:56]} 16. Rf3 {[%clk 0:38:44]}
Bxd5 {[%clk 0:43:07]} 17. Qxd5 {[%clk 0:38:39]} Qb6+ {[%clk 0:39:28]} 18. Kh1
{[%clk 0:38:53]} Qc6 {[%clk 0:39:30]} 19. Qd4 {[%clk 0:29:09]} Nc5 {[%clk
0:34:25]} 20. Bd3 {[%clk 0:25:31]} Nxd3 {[%clk 0:30:37]} 21. Rxd3 {[%clk
0:25:58]} Rac8 {[%clk 0:27:51]} 22. b3 {[%clk 0:24:28]} b5 {[%clk 0:24:52]} 23.
Rc3 {[%clk 0:22:58]} Qc5 {[%clk 0:20:40]} 24. Qxc5 {[%clk 0:17:50]} Rxc5 {[%clk
0:20:58]} 25. Rbc1 {[%clk 0:18:12]} Rfc8 {[%clk 0:21:06]} 26. Kg1 {[%clk
0:18:16]} bxc4 {[%clk 0:17:38]} 27. Rxc4 {[%clk 0:18:18]} Rxc4 {[%clk 0:16:30]}
28. Rxc4 {[%clk 0:18:46]} Rxc4 {[%clk 0:16:41]} 29. bxc4 {[%clk 0:19:14]} Kf8
{[%clk 0:12:42]} 30. Kf2 {[%clk 0:19:08]} Ke8 {[%clk 0:13:04]} 31. e5 {[%clk
0:10:52]} Kd7 {[%clk 0:09:30]} 32. Ke3 {[%clk 0:10:53]} dxe5 {[%clk 0:04:06]} 33.
fxe5 {[%clk 0:11:21]} f6 {[%clk 0:04:23]} 34. exf6 {[%clk 0:05:32]} exf6 {[%clk
0:04:49]} 35. Kd4 {[%clk 0:05:29]} Kd6 {[%clk 0:04:35]} 36. c5+ {[%clk 0:01:47]}
Kc6 {[%clk 0:05:00]} 37. g4 {[%clk 0:00:59]} h5 {[%clk 0:03:32]} 38. gxh5 {[%clk
0:01:05]} gxh5 {[%clk 0:03:58]} 39. h4 {[%clk 0:01:29]} a5 {[%clk 0:03:38]} 40.
a3 {[%clk 0:00:37]} a4 {[%clk 0:02:56]} 41. Kc4 {[%clk 0:00:55]} f5 {[%clk
0:03:08]} 42. Kd4 {[%clk 0:00:54]} f4 {[%clk 0:03:12]} 43. Ke4 {[%clk 0:00:59]}
Kxc5 {[%clk 0:03:39]} 44. Kxf4 {[%clk 0:01:18]} Kc4 {[%clk 0:04:06]} 45. Ke4
{[%clk 0:00:56]} Kc3 {[%clk 0:02:05]} 46. Ke3 {[%clk 0:01:04]} Kb3 {[%clk
0:02:28]} 47. Kd3 {[%clk 0:01:23]} Kxa3 {[%clk 0:02:53]} 48. Kc3 {[%clk 0:01:29]}
Ka2 {[%clk 0:03:16]} 49. Kc2 {[%clk 0:01:52]} a3 {[%clk 0:03:44]} 50. Kc1 {[%clk
0:02:10]} Kb3 {[%clk 0:03:27]} 51. Kb1 {[%clk 0:02:34]} Kc3 {[%clk 0:03:12]} 52.
Ka2 {[%clk 0:03:02]} Kd3 {[%clk 0:03:37]} 53. Kxa3 {[%clk 0:03:24]} Ke3 {[%clk
0:04:03]} 54. Kb3 {[%clk 0:03:51]} Kf3 {[%clk 0:04:23]} 55. Kc3 {[%clk 0:04:13]}
Kg3 {[%clk 0:04:48]} 56. Kd2 {[%clk 0:04:34]} Kxh4 {[%clk 0:05:11]} 57. Ke2
{[%clk 0:04:57]} Kg3 {[%clk 0:05:13]} 58. Kf1 {[%clk 0:05:25]} h4 {[%clk
0:05:39]} 59. Kg1 {[%clk 0:05:49]} h3 {[%clk 0:05:54]} 60. Kh1 {[%clk 0:06:13]}
h2 {[%clk 0:06:14]} 1/2-1/2

[Event "CECLUB Segunda División"]
[Site "Linares"]
[Date "2017.08.11"]
[Round "5"]
[White "Millan Soto, Miguel"]
[Black "Gaya Llodra, Juan"]
[Result "1/2-1/2"]
[Board "3"]
[WhiteElo "2083"]
[WhiteCountry "ESP"]
[WhiteFideId "2292351"]
[WhiteEloChange "4"]
[BlackElo "2211"]
[BlackCountry "ESP"]
[BlackFideId "2210967"]
[BlackEloChange "-4"]

1. e4 {[%clk 1:30:30]} e6 {[%clk 1:30:29]} 2. d4 {[%clk 1:29:59]} d5 {[%clk
1:30:49]} 3. Nc3 {[%clk 1:30:19]} Nf6 {[%clk 1:31:09]} 4. e5 {[%clk 1:30:19]}
Nfd7 {[%clk 1:31:29]} 5. f4 {[%clk 1:30:19]} c5 {[%clk 1:31:49]} 6. Nf3 {[%clk
1:30:19]} Nc6 {[%clk 1:29:27]} 7. Be3 {[%clk 1:30:19]} a6 {[%clk 1:29:38]} 8. Qd2
{[%clk 1:30:19]} b5 {[%clk 1:29:38]} 9. dxc5 {[%clk 1:30:19]} Bxc5 {[%clk
1:29:58]} 10. Bxc5 {[%clk 1:30:19]} Nxc5 {[%clk 1:30:17]} 11. Qf2 {[%clk
1:30:39]} Qb6 {[%clk 1:30:27]} 12. Bd3 {[%clk 1:30:59]} b4 {[%clk 1:30:07]} 13.
Ne2 {[%clk 1:30:48]} a5 {[%clk 1:30:18]} 14. O-O {[%clk 1:30:08]} Ba6 {[%clk
1:21:36]} 15. Rad1 {[%clk 1:26:27]} Na4 {[%clk 1:16:54]} 16. Rb1 {[%clk 1:19:13]}
Qxf2+ {[%clk 1:13:42]} 17. Kxf2 {[%clk 1:18:43]} Nc5 {[%clk 1:11:31]} 18. Ke3
{[%clk 1:16:11]} O-O {[%clk 0:45:59]} 19. Ned4 {[%clk 0:50:49]} Rfc8 {[%clk
0:45:59]} 20. g4 {[%clk 0:25:07]} a4 {[%clk 0:36:44]} 21. Rf2 {[%clk 0:07:01]} b3
{[%clk 0:23:02]} 22. axb3 {[%clk 0:04:39]} Nxd4 {[%clk 0:20:11]} 23. Nxd4 {[%clk
0:05:00]} Bxd3 {[%clk 0:20:11]} 24. cxd3 {[%clk 0:05:00]} Nxb3 {[%clk 0:18:31]}
25. Nxb3 {[%clk 0:00:28]} axb3 {[%clk 0:18:31]} 26. d4 {[%clk 0:00:39]} f6 {[%clk
0:11:49]} 27. Rd1 Ra4 {[%clk 0:10:59]} 28. Rd3 Rb4 {[%clk 0:11:09]} 29. Rfd2 Kf7
{[%clk 0:10:08]} 30. h4 Rc1 {[%clk 0:07:45]} 31. Rd1 Rc2 {[%clk 0:08:05]} 32.
R1d2 fxe5 {[%clk 0:06:33]} 33. fxe5 Kg6 {[%clk 0:06:11]} 34. Rxc2 bxc2 {[%clk
0:06:31]} 35. Rc3 Rxb2 {[%clk 0:05:51]} 36. Rc6 Rb1 {[%clk 0:04:50]} 37. Rxc2
Re1+ {[%clk 0:04:48]} 38. Kf3 Rf1+ {[%clk 0:04:47]} 39. Kg3 Rd1 {[%clk 0:05:07]}
40. Rc6 Rd3+ {[%clk 0:05:27]} 41. Kh2 Rxd4 {[%clk 0:05:07]} 42. Rxe6+ Kf7 {[%clk
0:05:07]} 43. Rd6 Rxg4 {[%clk 0:05:07]} 44. Kh3 Rd4 {[%clk 0:05:06]} 45. Rd7+ Kg6
{[%clk 0:04:45]} 46. e6 Re4 {[%clk 0:04:44]} 47. Rxd5 Rxe6 {[%clk 0:04:44]} 48.
Kg4 Re4+ {[%clk 0:04:34]} 49. Kg3 Kf6 {[%clk 0:04:24]} 50. Rd3 h6 {[%clk
0:03:54]} 51. Rf3+ Kg6 {[%clk 0:04:13]} 52. Rb3 Kh5 {[%clk 0:04:04]} 53. Rb5+ g5
{[%clk 0:04:24]} 54. hxg5 {[%clk 0:00:01]} hxg5 {[%clk 0:04:24]} 55. Rb3 {[%clk
0:00:11]} Kg6 {[%clk 0:04:24]} 56. Rb6+ {[%clk 0:00:01]} Kh5 {[%clk 0:04:24]} 57.
Rb3 {[%clk 0:00:01]} Re5 {[%clk 0:04:24]} 58. Ra3 Rb5 {[%clk 0:04:14]} 59. Rc3
Rf5 {[%clk 0:04:24]} 1/2-1/2

[Event "CECLUB Segunda División"]
[Site "Linares"]
[Date "2017.08.11"]
[Round "5"]
[White "Castell Cantero, Salvador"]
[Black "Cubero Ferreiro, Rodrigo"]
[Result "1-0"]
[Board "4"]
[WhiteElo "2149"]
[WhiteCountry "ESP"]
[WhiteFideId "22200754"]
[WhiteEloChange "7"]
[BlackElo "2052"]
[BlackCountry "ESP"]
[BlackFideId "2209683"]
[BlackEloChange "-7"]

1. d4 {[%clk 1:30:30]} Nf6 {[%clk 1:25:59]} 2. Nf3 {[%clk 1:30:39]} c5 {[%clk
1:26:19]} 3. d5 {[%clk 1:30:19]} b5 {[%clk 1:26:28]} 4. c4 {[%clk 1:28:27]} Bb7
{[%clk 1:25:48]} 5. Bg5 {[%clk 1:27:37]} Ne4 {[%clk 1:22:58]} 6. Bf4 {[%clk
1:26:07]} bxc4 {[%clk 1:18:38]} 7. Nc3 {[%clk 1:19:35]} Qa5 {[%clk 1:06:01]} 8.
Bd2 {[%clk 1:19:25]} Nxd2 {[%clk 1:06:21]} 9. Nxd2 {[%clk 1:19:15]} Ba6 {[%clk
1:06:01]} 10. e4 {[%clk 1:17:33]} g6 {[%clk 1:00:18]} 11. Bxc4 {[%clk 1:16:12]}
Bg7 {[%clk 0:59:38]} 12. Qc2 {[%clk 1:13:11]} O-O {[%clk 0:58:17]} 13. O-O {[%clk
1:13:30]} d6 {[%clk 0:58:17]} 14. f4 {[%clk 1:11:09]} Bxc4 {[%clk 0:46:31]} 15.
Nxc4 {[%clk 1:11:09]} Qb4 {[%clk 0:46:41]} 16. Nd2 {[%clk 1:06:17]} Nd7 {[%clk
0:44:49]} 17. Rf3 {[%clk 1:05:16]} Rab8 {[%clk 0:28:21]} 18. Rb1 {[%clk 1:05:16]}
Rfc8 {[%clk 0:28:21]} 19. Kh1 {[%clk 1:05:16]} c4 {[%clk 0:28:21]} 20. h3 {[%clk
0:59:35]} Qa5 {[%clk 0:22:19]} 21. Re3 {[%clk 0:51:00]} Bh6 {[%clk 0:17:56]} 22.
Ne2 {[%clk 0:46:47]} Bg7 {[%clk 0:17:26]} 23. Nc3 {[%clk 0:45:25]} Bh6 {[%clk
0:17:36]} 24. Rf3 {[%clk 0:43:34]} Bg7 {[%clk 0:17:25]} 25. Qd1 {[%clk 0:41:53]}
Qa6 {[%clk 0:14:16]} 26. Qf1 {[%clk 0:40:43]} Rc7 {[%clk 0:07:53]} 27. b4 {[%clk
0:32:34]} Rbc8 28. Qc1 {[%clk 0:30:33]} Nb6 29. Qc2 {[%clk 0:29:32]} Bf6 30. Re1
{[%clk 0:27:31]} Nd7 31. a4 {[%clk 0:26:31]} Bxc3 32. Rxc3 {[%clk 0:26:31]} Nb6
33. Ra1 {[%clk 0:26:21]} f5 34. Nf3 {[%clk 0:24:41]} Qb7 35. Rd1 {[%clk 0:24:00]}
fxe4 36. Qxe4 {[%clk 0:22:18]} e5 37. fxe5 {[%clk 0:19:57]} Nxa4 38. Re3 {[%clk
0:18:57]} c3 39. exd6 {[%clk 0:18:37]} Rf7 40. Ng5 {[%clk 0:17:57]} Nb6 41. Nxf7
{[%clk 0:17:37]} Qxf7 42. Qe6 {[%clk 0:17:07]} Kg7 43. Rf3 {[%clk 0:16:16]} Qd7
44. Qf6+ {[%clk 0:15:05]} Kg8 45. Rxc3 {[%clk 0:15:05]} Rxc3 46. Qxc3 {[%clk
0:15:05]} Qxd6 47. Qc5 {[%clk 0:14:45]} Qd8 48. d6 {[%clk 0:14:45]} Nd7 49. Qxa7
{[%clk 0:14:34]} Qe8 50. Qd4 {[%clk 0:14:33]} Qe2 51. Qd5+ {[%clk 0:14:02]} Kg7
52. Qf3 {[%clk 0:14:13]} Qc4 53. Re1 {[%clk 0:14:23]} Nf8 54. Re7+ {[%clk
0:13:13]} Kg8 55. Re8 {[%clk 0:13:32]} Qf7 56. d7 {[%clk 0:13:52]} 1-0

[Event "CECLUB Segunda División"]
[Site "Linares"]
[Date "2017.08.11"]
[Round "6"]
[White "Lopez Martinez, Josep Manuel"]
[Black "Ladron De Guevara Pinto, Paolo"]
[Result "1-0"]
[Board "1"]
[WhiteTitle "GM"]
[WhiteElo "2589"]
[WhiteCountry "ESP"]
[WhiteFideId "2212943"]
[WhiteEloChange "3"]
[BlackTitle "FM"]
[BlackElo "2414"]
[BlackCountry "ESP"]
[BlackFideId "2290847"]
[BlackEloChange "-3"]

1. Nf3 {[%clk 1:27:58]} d5 {[%clk 1:30:48]} 2. g3 {[%clk 1:27:19]} c6 {[%clk
1:30:27]} 3. Bg2 {[%clk 1:27:31]} Nf6 {[%clk 1:30:51]} 4. O-O {[%clk 1:27:25]}
Bg4 {[%clk 1:30:44]} 5. c4 {[%clk 1:27:00]} e6 {[%clk 1:30:55]} 6. Qb3 {[%clk
1:26:44]} Qb6 {[%clk 1:30:11]} 7. d3 {[%clk 1:24:12]} Nbd7 {[%clk 1:27:58]} 8.
Qc2 {[%clk 1:23:24]} Be7 {[%clk 1:26:38]} 9. Nc3 {[%clk 1:22:15]} O-O {[%clk
1:26:36]} 10. h3 {[%clk 1:20:33]} Bh5 {[%clk 1:27:00]} 11. e4 {[%clk 1:16:34]}
dxe4 {[%clk 1:24:50]} 12. dxe4 {[%clk 1:16:52]} Bxf3 {[%clk 1:25:15]} 13. Bxf3
{[%clk 1:17:07]} e5 {[%clk 1:25:43]} 14. Be3 {[%clk 1:15:18]} Qc7 {[%clk
1:25:23]} 15. Na4 {[%clk 1:13:07]} Rfd8 {[%clk 1:25:21]} 16. Rfd1 {[%clk
1:12:47]} b6 {[%clk 1:25:42]} 17. Kg2 {[%clk 1:11:11]} Bc5 {[%clk 1:19:29]} 18.
Nxc5 {[%clk 1:10:02]} Nxc5 {[%clk 1:19:53]} 19. b4 {[%clk 1:09:56]} Ne6 {[%clk
1:20:19]} 20. c5 {[%clk 1:10:00]} b5 {[%clk 1:14:46]} 21. a4 {[%clk 1:09:14]} a6
{[%clk 1:12:58]} 22. Rxd8+ {[%clk 0:59:20]} Rxd8 {[%clk 1:09:15]} 23. axb5 {[%clk
0:59:31]} axb5 {[%clk 1:09:42]} 24. Ra6 {[%clk 0:59:53]} Qd7 {[%clk 1:07:29]} 25.
Qb2 {[%clk 0:57:15]} Re8 {[%clk 1:02:24]} 26. Qa2 {[%clk 0:54:30]} h6 {[%clk
0:55:54]} 27. Ra7 {[%clk 0:53:52]} Nc7 {[%clk 0:48:02]} 28. Bc1 {[%clk 0:42:22]}
Re7 {[%clk 0:46:18]} 29. Bb2 {[%clk 0:41:56]} Nfe8 {[%clk 0:41:16]} 30. Qb3
{[%clk 0:41:50]} Nf6 {[%clk 0:37:53]} 31. Qc2 {[%clk 0:38:58]} Qd8 {[%clk
0:35:38]} 32. Bc3 {[%clk 0:36:59]} Nh7 {[%clk 0:32:15]} 33. h4 {[%clk 0:35:45]}
Nf8 {[%clk 0:31:40]} 34. Qb2 {[%clk 0:35:07]} f6 {[%clk 0:30:24]} 35. Qa2+ {[%clk
0:34:56]} Kh7 {[%clk 0:29:23]} 36. h5 {[%clk 0:34:34]} Nfe6 {[%clk 0:28:56]} 37.
Bg4 {[%clk 0:34:18]} Kg8 {[%clk 0:21:46]} 38. Bxe6+ {[%clk 0:33:54]} 1-0

[Event "CECLUB Segunda División"]
[Site "Linares"]
[Date "2017.08.11"]
[Round "6"]
[White "Naranjo Moreno, Antonio"]
[Black "Alsina Leal, Daniel"]
[Result "0-1"]
[Board "2"]
[WhiteTitle "FM"]
[WhiteElo "2379"]
[WhiteCountry "ESP"]
[WhiteFideId "2278626"]
[WhiteEloChange "-6"]
[BlackTitle "GM"]
[BlackElo "2507"]
[BlackCountry "ESP"]
[BlackFideId "2252627"]
[BlackEloChange "3"]

1. e4 {[%clk 1:30:28]} c5 {[%clk 1:30:55]} 2. Nf3 {[%clk 1:30:50]} Nc6 {[%clk
1:31:19]} 3. d4 {[%clk 1:30:31]} cxd4 {[%clk 1:31:44]} 4. Nxd4 {[%clk 1:30:50]}
Nf6 {[%clk 1:32:05]} 5. Nc3 {[%clk 1:30:27]} e5 {[%clk 1:32:17]} 6. Ndb5 {[%clk
1:29:26]} d6 {[%clk 1:32:39]} 7. Bg5 {[%clk 1:28:29]} a6 {[%clk 1:33:03]} 8. Na3
{[%clk 1:28:54]} b5 {[%clk 1:33:28]} 9. Bxf6 {[%clk 1:27:04]} gxf6 {[%clk
1:33:12]} 10. Nd5 {[%clk 1:26:39]} f5 {[%clk 1:33:19]} 11. Bxb5 {[%clk 1:18:14]}
axb5 {[%clk 1:33:27]} 12. Nxb5 {[%clk 1:18:28]} Ra4 {[%clk 1:32:21]} 13. b4
{[%clk 1:18:21]} Rxb4 {[%clk 1:28:56]} 14. Nbc7+ {[%clk 1:17:56]} Kd7 {[%clk
1:29:20]} 15. O-O {[%clk 1:18:10]} Rg8 {[%clk 1:23:09]} 16. Nxb4 {[%clk 1:16:28]}
Nxb4 {[%clk 1:19:38]} 17. Nd5 {[%clk 1:16:23]} Nxd5 {[%clk 1:18:10]} 18. Qxd5
{[%clk 1:16:39]} Ke7 {[%clk 1:16:10]} 19. Rfb1 {[%clk 1:07:02]} Be6 {[%clk
1:11:53]} 20. Rb7+ {[%clk 0:55:20]} Kf6 {[%clk 1:12:00]} 21. Qc6 {[%clk 0:43:47]}
fxe4 {[%clk 0:57:18]} 22. a4 {[%clk 0:39:17]} Qa5 {[%clk 0:52:51]} 23. Rb5 {[%clk
0:28:57]} Qd2 {[%clk 0:49:14]} 24. Qxe4 {[%clk 0:15:19]} Qc3 {[%clk 0:45:48]} 25.
Rab1 {[%clk 0:11:54]} Rg4 {[%clk 0:39:51]} 26. Qa8 {[%clk 0:11:52]} Kg7 {[%clk
0:34:33]} 27. Qd8 {[%clk 0:04:23]} d5 {[%clk 0:17:30]} 28. a5 {[%clk 0:03:15]}
Bc5 {[%clk 0:16:10]} 29. Qb8 {[%clk 0:00:35]} Rxg2+ {[%clk 0:09:41]} 30. Kxg2
{[%clk 0:00:36]} Bh3+ {[%clk 0:09:57]} 31. Kg1 {[%clk 0:00:46]} Qd4 {[%clk
0:09:52]} 0-1